000
00289nam a22001217a 4500
008
180103b xxu||||| |||| 00| 0 eng d
041
_a
eng
080
_a
038
100
_a
23
101
_a
FJA
245
_a
NEW WERBSTER'S DICTIONARY OF THE ENGLISH LANGUAGE
_c
WEBSTERS,N
942
_2
udc
_c
BK
999
_c
39629
_d
39629